[Event "Team Championship (men blitz)"]
[Site "Sochi"]
[Date "2017.10.05"]
[Round "6.11"]
[White "Kobalia, Mikhail"]
[Black "Jakovenko, Dmitry"]
[Result "1/2-1/2"]
[LiveChessVersion "1.4.8"]
[BlackElo "2589"]
[WhiteElo "2568"]

1. e4 {[%clk 0:03:03]} e5 {[%clk 0:03:04]} 2. Nf3 {[%clk 0:03:04]} Nc6
{[%clk 0:03:05]} 3. Bb5 {[%clk 0:03:05]} Nf6 {[%clk 0:03:06]} 4. d3
{[%clk 0:03:03]} d6 {[%clk 0:03:07]} 5. O-O {[%clk 0:03:03]} Be7 {[%clk 0:03:08]}
6. c4 {[%clk 0:03:01]} O-O {[%clk 0:02:55]} 7. h3 {[%clk 0:03:03]} a6
{[%clk 0:02:47]} 8. Ba4 {[%clk 0:03:04]} Nd7 {[%clk 0:02:47]} 9. Nc3
{[%clk 0:03:03]} Nc5 {[%clk 0:02:47]} 10. Bxc6 {[%clk 0:02:56]} bxc6 11. d4 exd4
{[%clk 0:02:47]} 12. Nxd4 {[%clk 0:02:59]} Bd7 {[%clk 0:02:37]} 13. Bf4
{[%clk 0:02:59]} Ne6 {[%clk 0:02:33]} 14. Be3 {[%clk 0:02:52]} Nxd4 15. Qxd4
{[%clk 0:02:53]} Be6 {[%clk 0:02:26]} 16. b3 {[%clk 0:02:49]} Qd7
{[%clk 0:02:02]} 17. Rad1 {[%clk 0:02:49]} f5 {[%clk 0:01:48]} 18. e5
{[%clk 0:02:44]} c5 {[%clk 0:01:30]} 19. Qd2 {[%clk 0:02:45]} Rad8
{[%clk 0:01:16]} 20. Bf4 {[%clk 0:02:32]} Rfe8 {[%clk 0:01:06]} 21. exd6
{[%clk 0:02:31]} Bxd6 {[%clk 0:01:04]} 22. Bxd6 {[%clk 0:02:30]} cxd6
{[%clk 0:01:02]} 23. Rfe1 {[%clk 0:02:31]} Bf7 {[%clk 0:01:01]} 24. Nd5
{[%clk 0:02:30]} Rxe1+ {[%clk 0:00:55]} 25. Rxe1 {[%clk 0:02:31]} Re8
{[%clk 0:00:56]} 26. Rxe8+ {[%clk 0:02:22]} Qxe8 {[%clk 0:00:56]} 27. Qa5
{[%clk 0:01:47]} Bxd5 {[%clk 0:00:40]} 28. cxd5 {[%clk 0:01:49]} Qa8
{[%clk 0:00:40]} 29. Qd2 {[%clk 0:01:39]} Qe8 {[%clk 0:00:36]} 30. Qa5
{[%clk 0:01:38]} Qa8 {[%clk 0:00:37]} 31. Qd2 {[%clk 0:01:39]} Qe8
{[%clk 0:00:38]} 1/2-1/2

[Event "Team Championship (men blitz)"]
[Site "Sochi"]
[Date "2017.10.05"]
[Round "6.12"]
[White "Iljiushenok, Ilia"]
[Black "Motylev, Alexander"]
[Result "1/2-1/2"]
[LiveChessVersion "1.4.8"]
[BlackElo "2551"]
[WhiteElo "2409"]

1. e4 {[%clk 0:03:03]} e5 {[%clk 0:03:02]} 2. Nf3 {[%clk 0:03:04]} Nf6
{[%clk 0:03:03]} 3. Nc3 {[%clk 0:03:02]} Nc6 {[%clk 0:03:03]} 4. d4
{[%clk 0:03:03]} exd4 {[%clk 0:03:03]} 5. Nxd4 {[%clk 0:03:04]} Bb4
{[%clk 0:03:03]} 6. Nxc6 {[%clk 0:03:04]} bxc6 {[%clk 0:03:04]} 7. Bd3
{[%clk 0:03:05]} d5 {[%clk 0:03:00]} 8. exd5 {[%clk 0:03:06]} cxd5
{[%clk 0:03:01]} 9. O-O {[%clk 0:03:06]} O-O {[%clk 0:03:02]} 10. h3
{[%clk 0:03:03]} c6 {[%clk 0:02:59]} 11. Qf3 {[%clk 0:03:03]} Rb8
{[%clk 0:02:58]} 12. Bf4 {[%clk 0:02:51]} Bd6 {[%clk 0:02:58]} 13. b3
{[%clk 0:02:51]} Rb4 {[%clk 0:02:56]} 14. Bxd6 {[%clk 0:02:44]} Qxd6
{[%clk 0:02:57]} 15. Ne2 {[%clk 0:02:15]} Ne4 {[%clk 0:02:51]} 16. Rad1
{[%clk 0:02:10]} f5 {[%clk 0:02:04]} 17. c4 {[%clk 0:01:54]} Qf6 {[%clk 0:01:31]}
18. Bxe4 {[%clk 0:01:13]} fxe4 {[%clk 0:01:21]} 19. Qxf6 {[%clk 0:01:07]} Rxf6
{[%clk 0:01:03]} 20. cxd5 {[%clk 0:01:06]} Ba6 {[%clk 0:00:52]} 21. Rfe1
{[%clk 0:00:50]} cxd5 {[%clk 0:00:38]} 22. Rxd5 {[%clk 0:00:46]} Bd3
{[%clk 0:00:32]} 23. Ng3 {[%clk 0:00:33]} h6 {[%clk 0:00:26]} 24. Re5
{[%clk 0:00:28]} Ra6 {[%clk 0:00:20]} 25. Nxe4 {[%clk 0:00:25]} Bxe4
{[%clk 0:00:13]} 26. Re8+ {[%clk 0:00:18]} Kh7 {[%clk 0:00:12]} 27. R8xe4
{[%clk 0:00:18]} Rxe4 {[%clk 0:00:13]} 28. Rxe4 {[%clk 0:00:19]} Rxa2
{[%clk 0:00:14]} 29. Re7 {[%clk 0:00:13]} a5 {[%clk 0:00:12]} 30. Re5
{[%clk 0:00:12]} a4 {[%clk 0:00:10]} 31. bxa4 {[%clk 0:00:11]} Rxa4
{[%clk 0:00:11]} 32. g3 {[%clk 0:00:12]} Ra3 {[%clk 0:00:10]} 33. Kg2 Kg6 34. h4
{[%clk 0:00:14]} Kf6 {[%clk 0:00:12]} 35. Rb5 {[%clk 0:00:15]} Kf7
{[%clk 0:00:13]} 36. Rb7+ {[%clk 0:00:16]} Kg6 {[%clk 0:00:13]} 1/2-1/2

[Event "Team Championship (men blitz)"]
[Site "Sochi"]
[Date "2017.10.05"]
[Round "6.13"]
[White "Rakhmanov, Aleksandr"]
[Black "Kryakvin, Dmitry"]
[Result "1-0"]
[LiveChessVersion "1.4.8"]
[BlackElo "2483"]
[WhiteElo "2600"]

1. c4 {[%clk 0:03:03]} Nf6 {[%clk 0:03:03]} 2. Nc3 {[%clk 0:03:04]} g6
{[%clk 0:03:05]} 3. g3 {[%clk 0:03:05]} Bg7 {[%clk 0:03:06]} 4. Bg2
{[%clk 0:03:06]} O-O {[%clk 0:03:07]} 5. d3 {[%clk 0:03:07]} d6 {[%clk 0:03:07]}
6. h3 {[%clk 0:03:03]} e5 {[%clk 0:03:07]} 7. e4 {[%clk 0:03:01]} Nc6
{[%clk 0:03:05]} 8. Nge2 {[%clk 0:03:02]} Nd7 {[%clk 0:03:00]} 9. g4
{[%clk 0:02:56]} Nc5 {[%clk 0:02:59]} 10. Be3 {[%clk 0:02:50]} f5
{[%clk 0:02:54]} 11. exf5 {[%clk 0:02:47]} gxf5 {[%clk 0:02:55]} 12. Bxc5
{[%clk 0:02:35]} dxc5 {[%clk 0:02:56]} 13. gxf5 {[%clk 0:02:36]} Bxf5
{[%clk 0:02:57]} 14. Bd5+ {[%clk 0:02:20]} Kh8 {[%clk 0:02:57]} 15. Ng3
{[%clk 0:02:20]} Bg6 {[%clk 0:02:47]} 16. Be4 {[%clk 0:02:08]} Nd4
{[%clk 0:02:43]} 17. O-O {[%clk 0:01:49]} Qg5 {[%clk 0:02:38]} 18. Qg4
{[%clk 0:01:42]} Qxg4 {[%clk 0:02:32]} 19. hxg4 {[%clk 0:01:43]} Nf3+
{[%clk 0:02:33]} 20. Kg2 {[%clk 0:01:42]} Nd2 {[%clk 0:02:32]} 21. Rh1
{[%clk 0:01:27]} Nxe4 {[%clk 0:02:31]} 22. dxe4 {[%clk 0:01:25]} Rad8
{[%clk 0:02:27]} 23. Rad1 {[%clk 0:01:22]} Rd4 {[%clk 0:02:27]} 24. b3
{[%clk 0:01:23]} Rfd8 {[%clk 0:02:22]} 25. Nf5 {[%clk 0:01:10]} Bxf5
{[%clk 0:02:10]} 26. gxf5 {[%clk 0:01:09]} c6 {[%clk 0:02:05]} 27. Kf3
{[%clk 0:01:00]} Bf6 {[%clk 0:02:00]} 28. Rxd4 {[%clk 0:00:52]} cxd4
{[%clk 0:01:58]} 29. Ne2 {[%clk 0:00:49]} d3 {[%clk 0:01:50]} 30. Ng3
{[%clk 0:00:48]} Bg5 {[%clk 0:01:48]} 31. Rd1 {[%clk 0:00:39]} Kg7
{[%clk 0:01:47]} 32. Nh5+ {[%clk 0:00:39]} Kf7 {[%clk 0:01:48]} 33. Ng3
{[%clk 0:00:40]} h6 {[%clk 0:01:47]} 34. Nh5 {[%clk 0:00:31]} b5 {[%clk 0:01:49]}
35. cxb5 {[%clk 0:00:29]} cxb5 36. Ng3 {[%clk 0:00:30]} a5 {[%clk 0:01:40]} 37.
Nf1 {[%clk 0:00:31]} h5 {[%clk 0:01:35]} 38. Ne3 {[%clk 0:00:32]} Bxe3
{[%clk 0:01:26]} 39. Kxe3 {[%clk 0:00:28]} h4 {[%clk 0:01:28]} 40. Kd2
{[%clk 0:00:26]} Kf6 {[%clk 0:01:09]} 41. Rg1 {[%clk 0:00:27]} Rh8
{[%clk 0:00:51]} 42. Kxd3 h3 {[%clk 0:00:52]} 43. Ke3 {[%clk 0:00:22]} Rh4
{[%clk 0:00:50]} 44. f3 {[%clk 0:00:16]} h2 {[%clk 0:00:25]} 45. Rh1
{[%clk 0:00:18]} Kg5 46. Kf2 Kf4 {[%clk 0:00:27]} 47. Kg2 {[%clk 0:00:21]} Rh6
{[%clk 0:00:26]} 48. Rxh2 {[%clk 0:00:21]} Rc6 {[%clk 0:00:28]} 49. Rh4+
{[%clk 0:00:22]} Ke3 {[%clk 0:00:28]} 50. Kg3 {[%clk 0:00:20]} a4
{[%clk 0:00:26]} 51. bxa4 {[%clk 0:00:21]} bxa4 {[%clk 0:00:28]} 52. Rh2
{[%clk 0:00:17]} a3 {[%clk 0:00:24]} 53. Kg4 {[%clk 0:00:16]} Rb6
{[%clk 0:00:25]} 54. Rh8 {[%clk 0:00:08]} Rb2 {[%clk 0:00:07]} 55. f6
{[%clk 0:00:09]} Rxa2 {[%clk 0:00:06]} 56. f7 {[%clk 0:00:07]} Rg2+
{[%clk 0:00:07]} 57. Kf5 {[%clk 0:00:08]} a2 {[%clk 0:00:07]} 58. Ra8
{[%clk 0:00:05]} Rf2 {[%clk 0:00:08]} 59. Kxe5 {[%clk 0:00:06]} Rxf3
{[%clk 0:00:09]} 60. Ra3+ {[%clk 0:00:06]} Ke2 {[%clk 0:00:10]} 61. Rxa2+
{[%clk 0:00:07]} 1-0

[Event "Team Championship (men blitz)"]
[Site "Sochi"]
[Date "2017.10.05"]
[Round "6.14"]
[White "Smagin, Sergey"]
[Black "Rozum, Ivan"]
[Result "1/2-1/2"]
[LiveChessVersion "1.4.8"]
[BlackElo "2553"]
[WhiteElo "2375"]

1. e4 {[%clk 0:03:03]} c6 {[%clk 0:03:03]} 2. d4 {[%clk 0:03:04]} d5 3. e5 Bf5
{[%clk 0:03:05]} 4. Nf3 {[%clk 0:03:06]} e6 {[%clk 0:03:06]} 5. Be2
{[%clk 0:03:08]} h6 {[%clk 0:03:07]} 6. O-O {[%clk 0:03:07]} Nd7 {[%clk 0:03:08]}
7. Be3 {[%clk 0:02:56]} Ne7 {[%clk 0:03:08]} 8. b4 {[%clk 0:02:58]} Bh7
{[%clk 0:03:04]} 9. Bd3 {[%clk 0:02:57]} Bxd3 {[%clk 0:03:04]} 10. Qxd3
{[%clk 0:02:58]} Nf5 {[%clk 0:03:05]} 11. c3 {[%clk 0:02:58]} Be7
{[%clk 0:03:02]} 12. a4 {[%clk 0:02:51]} a5 {[%clk 0:03:01]} 13. b5
{[%clk 0:02:53]} c5 {[%clk 0:03:03]} 14. Nbd2 {[%clk 0:02:52]} cxd4
{[%clk 0:03:02]} 15. cxd4 {[%clk 0:02:53]} Nb6 {[%clk 0:03:01]} 16. g4
{[%clk 0:02:46]} Nh4 {[%clk 0:02:58]} 17. Ne1 {[%clk 0:02:41]} h5
{[%clk 0:02:56]} 18. h3 {[%clk 0:02:39]} Ng6 {[%clk 0:02:53]} 19. f4
{[%clk 0:02:34]} hxg4 {[%clk 0:02:53]} 20. hxg4 {[%clk 0:02:35]} Bb4
{[%clk 0:02:47]} 21. Nef3 {[%clk 0:02:25]} Ne7 {[%clk 0:02:33]} 22. f5
{[%clk 0:02:18]} Qd7 {[%clk 0:02:32]} 23. Bg5 {[%clk 0:01:36]} O-O-O
{[%clk 0:02:14]} 24. Kg2 {[%clk 0:01:32]} Kb8 {[%clk 0:02:10]} 25. Nb3
{[%clk 0:01:21]} Rc8 {[%clk 0:02:04]} 26. Rfc1 {[%clk 0:01:12]} exf5
{[%clk 0:01:53]} 27. gxf5 {[%clk 0:00:52]} Qxf5 {[%clk 0:01:44]} 28. Qxf5
{[%clk 0:00:43]} Nxf5 {[%clk 0:01:45]} 29. Nc5 {[%clk 0:00:41]} Ka7
{[%clk 0:01:36]} 30. e6 {[%clk 0:00:28]} fxe6 {[%clk 0:01:33]} 31. Nxe6
{[%clk 0:00:29]} Nc4 {[%clk 0:01:30]} 32. Ne5 {[%clk 0:00:19]} Rce8
{[%clk 0:01:23]} 33. Nc7 {[%clk 0:00:13]} Nce3+ {[%clk 0:00:50]} 34. Bxe3
{[%clk 0:00:14]} Nxe3+ {[%clk 0:00:51]} 35. Kf2 {[%clk 0:00:12]} Ref8+
{[%clk 0:00:24]} 36. Kxe3 {[%clk 0:00:13]} Rh3+ {[%clk 0:00:26]} 37. Ke2
{[%clk 0:00:09]} Rh2+ {[%clk 0:00:27]} 38. Ke3 {[%clk 0:00:10]} Rh3+
{[%clk 0:00:19]} 39. Ke2 {[%clk 0:00:12]} Rh2+ {[%clk 0:00:15]} 40. Ke3
{[%clk 0:00:13]} Rh3+ {[%clk 0:00:09]} 1/2-1/2

[Event "Team Championship (men blitz)"]
[Site "Sochi"]
[Date "2017.10.05"]
[Round "6.15"]
[White "Moiseenko, Vadim"]
[Black "Gluhovsky, Mark"]
[Result "1-0"]
[LiveChessVersion "1.4.8"]
[BlackElo "2260"]
[WhiteElo "2497"]

1. e4 {[%clk 0:03:03]} c5 {[%clk 0:03:04]} 2. Nf3 {[%clk 0:03:04]} Nc6
{[%clk 0:03:05]} 3. Bb5 {[%clk 0:03:05]} g6 {[%clk 0:03:06]} 4. Bxc6
{[%clk 0:03:05]} dxc6 {[%clk 0:03:07]} 5. d3 {[%clk 0:03:06]} Bg7
{[%clk 0:03:08]} 6. h3 {[%clk 0:03:07]} b6 {[%clk 0:03:09]} 7. Nc3
{[%clk 0:03:07]} Qc7 {[%clk 0:03:08]} 8. Be3 {[%clk 0:02:59]} Nf6
{[%clk 0:03:09]} 9. Qd2 {[%clk 0:02:58]} O-O {[%clk 0:03:08]} 10. O-O
{[%clk 0:02:47]} e5 {[%clk 0:03:08]} 11. Bh6 {[%clk 0:02:46]} Nh5
{[%clk 0:03:05]} 12. Bxg7 {[%clk 0:02:33]} Kxg7 {[%clk 0:02:59]} 13. Ne2
{[%clk 0:02:32]} f6 {[%clk 0:02:59]} 14. Nh2 {[%clk 0:02:21]} Be6
{[%clk 0:02:49]} 15. b3 {[%clk 0:02:22]} a5 {[%clk 0:02:49]} 16. a4
{[%clk 0:02:22]} Rad8 {[%clk 0:02:46]} 17. f4 {[%clk 0:02:18]} Nxf4
{[%clk 0:02:43]} 18. Nxf4 {[%clk 0:02:19]} exf4 {[%clk 0:02:44]} 19. Qxf4
{[%clk 0:02:19]} Qxf4 {[%clk 0:02:39]} 20. Rxf4 {[%clk 0:02:20]} f5
{[%clk 0:02:30]} 21. exf5 {[%clk 0:02:17]} Rxf5 {[%clk 0:02:30]} 22. Rxf5
{[%clk 0:02:14]} Bxf5 {[%clk 0:02:31]} 23. Re1 {[%clk 0:02:14]} Kf6
{[%clk 0:02:22]} 24. Rf1 {[%clk 0:01:53]} Kg7 {[%clk 0:02:17]} 25. g4
{[%clk 0:01:51]} Be6 {[%clk 0:02:05]} 26. Nf3 {[%clk 0:01:50]} Bd5
{[%clk 0:02:04]} 27. Nd2 {[%clk 0:01:26]} Re8 {[%clk 0:02:02]} 28. c4
{[%clk 0:01:18]} Bf7 {[%clk 0:01:42]} 29. Kf2 {[%clk 0:01:13]} g5
{[%clk 0:01:40]} 30. Re1 {[%clk 0:01:09]} Rd8 {[%clk 0:01:16]} 31. Re3
{[%clk 0:01:09]} Bg6 {[%clk 0:01:16]} 32. Ke2 {[%clk 0:01:10]} h5
{[%clk 0:01:14]} 33. Nf3 {[%clk 0:01:05]} Kf6 {[%clk 0:01:10]} 34. Ne5
{[%clk 0:00:52]} Rd6 {[%clk 0:00:58]} 35. Kf3 {[%clk 0:00:34]} Be8
{[%clk 0:00:51]} 36. Ke4 {[%clk 0:00:32]} Rd4+ {[%clk 0:00:44]} 37. Kf3
{[%clk 0:00:33]} Rf4+ {[%clk 0:00:46]} 38. Kg3 {[%clk 0:00:33]} h4+
{[%clk 0:00:46]} 39. Kg2 {[%clk 0:00:34]} Rd4 {[%clk 0:00:40]} 40. Nf3
{[%clk 0:00:33]} Rd8 {[%clk 0:00:40]} 41. Kf2 {[%clk 0:00:30]} b5
{[%clk 0:00:38]} 42. Ke2 {[%clk 0:00:30]} bxa4 {[%clk 0:00:36]} 43. bxa4
{[%clk 0:00:31]} Rb8 {[%clk 0:00:34]} 44. Re5 {[%clk 0:00:32]} Rb2+
{[%clk 0:00:32]} 45. Ke3 {[%clk 0:00:33]} Bg6 {[%clk 0:00:30]} 46. Rxc5
{[%clk 0:00:34]} Rb3 {[%clk 0:00:31]} 47. Rxc6+ {[%clk 0:00:30]} Kg7
{[%clk 0:00:32]} 48. Ne5 {[%clk 0:00:32]} Be8 {[%clk 0:00:31]} 49. Ra6
{[%clk 0:00:29]} Bxa4 {[%clk 0:00:29]} 50. Rxa5 {[%clk 0:00:29]} Be8
{[%clk 0:00:30]} 51. Ra8 {[%clk 0:00:29]} Bg6 {[%clk 0:00:23]} 52. Ra7+
{[%clk 0:00:27]} Kf6 {[%clk 0:00:22]} 53. Ra6+ {[%clk 0:00:26]} Kxe5
{[%clk 0:00:22]} 54. Rxg6 {[%clk 0:00:27]} Rb2 {[%clk 0:00:22]} 55. Rxg5+
{[%clk 0:00:27]} Kf6 {[%clk 0:00:24]} 56. Rh5 {[%clk 0:00:28]} Rg2
{[%clk 0:00:21]} 57. Rxh4 {[%clk 0:00:29]} Ke5 {[%clk 0:00:22]} 58. Rh5+
{[%clk 0:00:30]} Ke6 {[%clk 0:00:24]} 59. c5 {[%clk 0:00:31]} Kd5 60. Ke4+ 1-0

[Event "Team Championship (men blitz)"]
[Site "Sochi"]
[Date "2017.10.05"]
[Round "6.16"]
[White "Popov, Mikhail"]
[Black "Gogolev, Artem"]
[Result "1/2-1/2"]
[LiveChessVersion "1.4.8"]
[BlackElo "2330"]
[WhiteElo "2428"]

1. d4 {[%clk 0:03:03]} Nf6 {[%clk 0:03:03]} 2. Bf4 {[%clk 0:03:04]} g6
{[%clk 0:03:03]} 3. e3 {[%clk 0:03:05]} d6 {[%clk 0:03:04]} 4. Nf3
{[%clk 0:03:06]} Bg7 {[%clk 0:03:05]} 5. Be2 {[%clk 0:03:07]} c5 {[%clk 0:03:06]}
6. c3 {[%clk 0:03:08]} Nc6 {[%clk 0:03:02]} 7. dxc5 {[%clk 0:02:46]} dxc5
{[%clk 0:03:03]} 8. Qxd8+ {[%clk 0:02:46]} Nxd8 {[%clk 0:03:03]} 9. h3
{[%clk 0:02:47]} Nc6 {[%clk 0:03:03]} 10. Nbd2 {[%clk 0:02:46]} Be6
{[%clk 0:02:58]} 11. O-O {[%clk 0:02:40]} O-O {[%clk 0:02:49]} 12. Rfd1
{[%clk 0:02:23]} Rfd8 {[%clk 0:02:48]} 13. a4 {[%clk 0:02:19]} b6
{[%clk 0:02:34]} 14. Ba6 {[%clk 0:02:00]} Bc8 {[%clk 0:02:10]} 15. Bc4
{[%clk 0:01:55]} Bb7 {[%clk 0:02:06]} 16. Ba2 {[%clk 0:01:40]} a6
{[%clk 0:01:51]} 17. Nc4 {[%clk 0:01:36]} b5 {[%clk 0:01:43]} 18. Nb6
{[%clk 0:01:24]} Rxd1+ 19. Rxd1 {[%clk 0:01:25]} Rd8 {[%clk 0:01:42]} 20. Rxd8+
{[%clk 0:01:09]} Nxd8 {[%clk 0:01:43]} 21. axb5 {[%clk 0:01:07]} axb5
{[%clk 0:01:44]} 22. Ne5 {[%clk 0:00:52]} e6 {[%clk 0:01:36]} 23. c4
{[%clk 0:00:44]} bxc4 {[%clk 0:01:32]} 24. Bxc4 {[%clk 0:00:42]} Nc6
{[%clk 0:01:20]} 25. Ned7 {[%clk 0:00:33]} Nxd7 {[%clk 0:01:21]} 26. Nxd7
{[%clk 0:00:34]} Bxb2 {[%clk 0:01:21]} 27. Nxc5 {[%clk 0:00:35]} Bc8
{[%clk 0:01:21]} 1/2-1/2

[Event "Team Championship (men blitz)"]
[Site "Sochi"]
[Date "2017.10.05"]
[Round "6.17"]
[White "Dubov, Daniil"]
[Black "Triapishko, Alexandr"]
[Result "1-0"]
[LiveChessVersion "1.4.8"]
[BlackElo "2396"]
[WhiteElo "2775"]

1. d4 {[%clk 0:03:03]} Nf6 {[%clk 0:03:03]} 2. Bf4 {[%clk 0:03:04]} g6
{[%clk 0:03:04]} 3. e3 {[%clk 0:03:04]} Bg7 {[%clk 0:03:05]} 4. Nf3
{[%clk 0:03:05]} O-O {[%clk 0:03:05]} 5. Nbd2 {[%clk 0:03:05]} d6
{[%clk 0:03:06]} 6. c3 {[%clk 0:03:06]} b6 {[%clk 0:03:07]} 7. h3
{[%clk 0:03:06]} Bb7 {[%clk 0:03:08]} 8. Be2 {[%clk 0:03:06]} Nbd7
{[%clk 0:03:09]} 9. O-O {[%clk 0:03:06]} Qe8 {[%clk 0:03:10]} 10. Bh2
{[%clk 0:03:07]} e5 {[%clk 0:03:10]} 11. a4 {[%clk 0:03:08]} a6 {[%clk 0:03:11]}
12. Qc2 {[%clk 0:03:05]} Qe7 {[%clk 0:03:03]} 13. b4 {[%clk 0:03:00]} Nd5
{[%clk 0:02:44]} 14. Bc4 {[%clk 0:02:30]} e4 {[%clk 0:02:18]} 15. Qxe4
{[%clk 0:02:28]} Qxe4 {[%clk 0:01:42]} 16. Nxe4 {[%clk 0:02:29]} Nxe3
{[%clk 0:01:27]} 17. fxe3 {[%clk 0:02:23]} Bxe4 {[%clk 0:01:21]} 18. Ng5
{[%clk 0:02:22]} d5 {[%clk 0:01:22]} 19. Bb3 {[%clk 0:02:14]} Bh6
{[%clk 0:01:12]} 20. Nxe4 {[%clk 0:02:07]} dxe4 {[%clk 0:01:13]} 21. Bxc7
{[%clk 0:01:56]} Bxe3+ {[%clk 0:01:06]} 22. Kh1 {[%clk 0:01:57]} Rac8
{[%clk 0:00:45]} 23. Bd6 {[%clk 0:01:54]} Rxc3 {[%clk 0:00:46]} 24. Bd5
{[%clk 0:01:53]} Rd8 {[%clk 0:00:05]} 25. Be7 {[%clk 0:01:14]} Rdc8
{[%clk 0:00:05]} 26. Bxf7+ {[%clk 0:01:15]} Kg7 {[%clk 0:00:05]} 27. Be6
{[%clk 0:01:15]} R8c7 {[%clk 0:00:04]} 28. Rf7+ {[%clk 0:01:09]} Kh6
{[%clk 0:00:05]} 29. Bxd7 {[%clk 0:01:04]} Rxd7 {[%clk 0:00:06]} 30. Bf8+
{[%clk 0:01:04]} Kg5 {[%clk 0:00:06]} 31. Rxd7 {[%clk 0:01:04]} Bd2
{[%clk 0:00:06]} 32. Rf1 {[%clk 0:00:57]} e3 {[%clk 0:00:05]} 33. Rd5+
{[%clk 0:00:58]} Kh4 {[%clk 0:00:05]} 34. Be7+ {[%clk 0:00:58]} 1-0

[Event "Team Championship (men blitz)"]
[Site "Sochi"]
[Date "2017.10.05"]
[Round "6.18"]
[White "Chos, Alexey"]
[Black "Morozevich, Alexander"]
[Result "1-0"]
[LiveChessVersion "1.4.8"]
[BlackElo "2642"]
[WhiteElo "2354"]

1. e4 {[%clk 0:03:03]} c5 {[%clk 0:03:03]} 2. Nf3 {[%clk 0:03:04]} e6
{[%clk 0:03:04]} 3. c4 {[%clk 0:03:04]} Nc6 {[%clk 0:03:04]} 4. Be2
{[%clk 0:03:05]} g5 {[%clk 0:03:05]} 5. h3 {[%clk 0:03:05]} Bg7 {[%clk 0:03:05]}
6. d3 {[%clk 0:03:04]} h6 {[%clk 0:03:06]} 7. Nc3 {[%clk 0:03:04]} Nge7
{[%clk 0:03:02]} 8. Be3 {[%clk 0:03:04]} Nd4 {[%clk 0:03:03]} 9. Bxd4
{[%clk 0:02:53]} cxd4 {[%clk 0:03:03]} 10. Nb5 {[%clk 0:02:54]} O-O
{[%clk 0:03:02]} 11. Nd6 {[%clk 0:02:52]} Qb6 {[%clk 0:03:02]} 12. Nxc8
{[%clk 0:02:50]} Raxc8 {[%clk 0:03:01]} 13. b3 {[%clk 0:02:46]} f5
{[%clk 0:02:59]} 14. Nd2 {[%clk 0:02:42]} Ng6 {[%clk 0:02:37]} 15. exf5
{[%clk 0:02:39]} Rxf5 {[%clk 0:02:33]} 16. O-O {[%clk 0:02:37]} Nf4
{[%clk 0:02:16]} 17. Ne4 {[%clk 0:02:29]} d5 {[%clk 0:02:18]} 18. cxd5
{[%clk 0:02:30]} exd5 {[%clk 0:02:19]} 19. Bg4 {[%clk 0:02:30]} Rff8
{[%clk 0:01:56]} 20. Bxc8 {[%clk 0:02:25]} dxe4 {[%clk 0:01:58]} 21. Bg4 Nxd3 22.
Qe2 {[%clk 0:02:10]} Qg6 {[%clk 0:01:56]} 23. Rad1 {[%clk 0:02:05]} Kh8
{[%clk 0:01:40]} 24. Qc2 {[%clk 0:01:55]} h5 {[%clk 0:01:38]} 25. Be2
{[%clk 0:01:52]} Nf4 {[%clk 0:01:38]} 26. Bc4 {[%clk 0:01:36]} g4
{[%clk 0:01:38]} 27. h4 {[%clk 0:01:29]} d3 {[%clk 0:01:31]} 28. Qd2
{[%clk 0:01:25]} g3 {[%clk 0:01:32]} 29. Qe3 {[%clk 0:01:17]} Ne2+
{[%clk 0:01:14]} 30. Kh1 {[%clk 0:01:15]} Bd4 {[%clk 0:00:47]} 31. Qg5
{[%clk 0:01:15]} Qxg5 {[%clk 0:00:49]} 32. hxg5 {[%clk 0:01:16]} gxf2
{[%clk 0:00:50]} 33. Kh2 {[%clk 0:01:09]} Be5+ {[%clk 0:00:51]} 34. Kh3
{[%clk 0:01:08]} Ng3 {[%clk 0:00:43]} 35. g6 {[%clk 0:00:50]} Kg7
{[%clk 0:00:44]} 36. Bd5 {[%clk 0:00:22]} e3 {[%clk 0:00:41]} 37. Bc4
{[%clk 0:00:07]} e2 {[%clk 0:00:37]} 38. Bxd3 {[%clk 0:00:08]} exd1=Q
{[%clk 0:00:33]} 39. Rxd1 {[%clk 0:00:09]} Rd8 {[%clk 0:00:29]} 1-0

[Event "Team Championship (men blitz)"]
[Site "Sochi"]
[Date "2017.10.05"]
[Round "6.19"]
[White "Savchenko, Boris"]
[Black "Jary, Sergey"]
[Result "1-0"]
[LiveChessVersion "1.4.8"]
[BlackElo "2333"]
[WhiteElo "2630"]

1. e4 {[%clk 0:03:03]} g6 {[%clk 0:03:02]} 2. d4 {[%clk 0:03:03]} Bg7
{[%clk 0:03:03]} 3. Bc4 {[%clk 0:03:04]} c6 {[%clk 0:03:04]} 4. Nc3
{[%clk 0:03:03]} d6 {[%clk 0:03:00]} 5. a4 {[%clk 0:03:02]} Nf6 {[%clk 0:03:01]}
6. Ba2 {[%clk 0:03:01]} O-O {[%clk 0:02:59]} 7. Nf3 {[%clk 0:03:01]} Bg4
{[%clk 0:02:59]} 8. h3 {[%clk 0:02:55]} Bxf3 {[%clk 0:03:00]} 9. Qxf3
{[%clk 0:02:56]} Na6 {[%clk 0:03:01]} 10. O-O {[%clk 0:02:52]} Nb4
{[%clk 0:03:00]} 11. Bb3 {[%clk 0:02:53]} a5 {[%clk 0:03:01]} 12. Re1
{[%clk 0:02:52]} d5 {[%clk 0:02:59]} 13. e5 {[%clk 0:02:52]} Ne8 {[%clk 0:03:00]}
14. Qe2 {[%clk 0:02:46]} Nc7 {[%clk 0:02:58]} 15. Nd1 {[%clk 0:02:46]} f6
{[%clk 0:02:52]} 16. c3 {[%clk 0:02:46]} Nba6 {[%clk 0:02:53]} 17. f4
{[%clk 0:02:45]} fxe5 {[%clk 0:02:39]} 18. fxe5 {[%clk 0:02:45]} Ne6
{[%clk 0:02:34]} 19. Qg4 {[%clk 0:02:46]} Nac7 {[%clk 0:02:35]} 20. Bc2
{[%clk 0:02:35]} Qc8 {[%clk 0:02:26]} 21. Be3 {[%clk 0:02:15]} Nd8
{[%clk 0:02:27]} 22. Qh4 {[%clk 0:02:07]} Qd7 {[%clk 0:02:27]} 23. Nf2
{[%clk 0:02:06]} c5 {[%clk 0:01:59]} 24. dxc5 {[%clk 0:01:49]} Bxe5
{[%clk 0:01:54]} 25. Bh6 {[%clk 0:01:39]} Bf6 {[%clk 0:01:55]} 26. Qg4
{[%clk 0:01:39]} Qxg4 {[%clk 0:01:48]} 27. Nxg4 {[%clk 0:01:35]} Rf7
{[%clk 0:01:41]} 28. Rad1 {[%clk 0:01:31]} Nde6 {[%clk 0:01:39]} 29. Nxf6+
{[%clk 0:01:24]} exf6 {[%clk 0:01:34]} 30. Be3 {[%clk 0:01:25]} Kg7
{[%clk 0:01:18]} 31. b4 {[%clk 0:01:22]} Rd7 {[%clk 0:01:06]} 32. b5
{[%clk 0:01:20]} Nf8 {[%clk 0:01:06]} 33. Bb3 {[%clk 0:01:04]} Rad8
{[%clk 0:01:04]} 34. Bf4 {[%clk 0:00:46]} Nfe6 {[%clk 0:00:41]} 35. Bd6
{[%clk 0:00:47]} Rxd6 {[%clk 0:00:42]} 36. cxd6 {[%clk 0:00:47]} Rxd6
{[%clk 0:00:44]} 37. Bxd5 {[%clk 0:00:45]} Nxd5 {[%clk 0:00:32]} 38. c4
{[%clk 0:00:45]} Nc5 {[%clk 0:00:30]} 39. Rxd5 {[%clk 0:00:44]} 1-0